Club de foot par stade - Cliquez - Statistiques

Statistiques générales
  • Ce quiz a été pris 10 320 fois
  • Le résultat moyen est 12 sur 18
Statistiques - réponses
Hint Réponse % Correct
Paris Saint Germain Parc des princes
94%
Olympique de Marseille Le vélodrome
93%
Olympique Lyonnais Groupama Stadium
88%
AS Monaco Louis-II
84%
OGC Nice Allianz Riviera
81%
RC Lens Bollaert-Delelis
78%
FC Nantes La Beaujoire
78%
Stade Rennais Roazhon Park
76%
Lille OSC Pierre-Mauroy
71%
Montpellier HSC La Mosson
62%
Toulouse FC Stadium Municipal
62%
Strasbourg La Meinau
60%
Brest Francis-Le Blé
55%
SCO Angers Raymond Kopa
55%
AJ Auxerre L'Abbé-Deschamps
53%
FC Lorient Le Moustoir
50%
AJ Ajaccio François-Coty
47%
Stade de Reims Auguste-Delaune
43%
Aucun quiz correspondant
Distribution des résultats
% des personnes avec chaque résultat
Percentile par nombre de réponses
Votre historique - résultats
Vous n’avez pas pris ce quiz